[Event "27. Torneo San Viator 2016"]
[Site "Madrid ESP"]
[Date "2016.10.16"]
[Round "5.6"]
[White "Llases Gonzalez, Luis"]
[Black "Angelina Vela, Carlos"]
[Result "1/2-1/2"]
[WhiteElo "1734"]
[BlackElo "2085"]
[PlyCount "77"]
[EventDate "2016.09.25"]
[EventType "swiss"]
[EventRounds "9"]
[EventCountry "ESP"]
[Source "lmi"]
[SourceDate "2016.09.25"]

1. Nf3 d5 2. d4 Nf6 3. Bf4 c5 4. e3 Nc6 5. c3 Qb6 6. Qb3 c4 7. Qxb6 axb6 8.
Nbd2 b5 9. Be2 b4 10. O-O Bf5 11. Ne5 e6 12. g4 Nxe5 13. gxf5 Nc6 14. fxe6 fxe6
15. Kh1 Be7 16. Rg1 Kf7 17. f3 b5 18. e4 bxc3 19. bxc3 Ra3 20. Rgb1 Rxc3 21.
Rxb5 Nxd4 22. Rb7 Nxe2 23. Bd6 Rc8 24. e5 Nh5 25. a4 Nd4 26. a5 Rc2 27. Nf1 Kf8
28. a6 Nc6 29. a7 Bxd6 30. exd6 Ra8 31. Rc7 Nxa7 32. Rb1 Ra2 33. Rbb7 Rd8 34.
Rf7+ Kg8 35. Ng3 Nxg3+ 36. hxg3 Nc6 37. Rxg7+ Kf8 38. Rxh7 Kg8 39. Rhg7+
1/2-1/2

[Event "27. Torneo San Viator 2016"]
[Site "Madrid ESP"]
[Date "2016.10.16"]
[Round "5.7"]
[White "Rodriguez Bittar, Karim Javier"]
[Black "Guillo Longares, Cecilia"]
[Result "1-0"]
[WhiteElo "1936"]
[BlackElo "1705"]
[PlyCount "115"]
[EventDate "2016.09.25"]
[EventType "swiss"]
[EventRounds "9"]
[EventCountry "ESP"]
[Source "lmi"]
[SourceDate "2016.09.25"]

1. e4 c5 2. Nc3 g6 3. g3 Bg7 4. Bg2 Nc6 5. d3 d6 6. Be3 Nf6 7. h3 Rb8 8. f4 Bd7
9. Nge2 b5 10. Qd2 b4 11. Nd1 a5 12. f5 Qc8 13. Bh6 Bxh6 14. Qxh6 gxf5 15. O-O
Ne5 16. exf5 Bxf5 17. Ne3 Be6 18. g4 Rg8 19. Rxf6 exf6 20. Qxh7 Ke7 21. Nf4 Ng6
22. Ned5+ Bxd5 23. Nxd5+ Kf8 24. Qh6+ Rg7 25. Nxf6 Qe6 26. Nh5 Qe5 27. Nxg7
Qxg7 28. Qxg7+ Kxg7 29. Re1 Rh8 30. Kf2 Kf6 31. Kg3 Kg5 32. Rf1 Ne5 33. Rf5+
Kg6 34. Be4 Kg7 35. g5 Rh5 36. h4 Kf8 37. Bf3 Rh7 38. Be2 Ke7 39. h5 Nc6 40. c3
Ke6 41. Kf4 Ke7 42. Rf6 Nd8 43. Bg4 Nc6 44. h6 Ne5 45. Bf5 Rh8 46. Be4 Nd7 47.
Rf5 Nf8 48. Bd5 Ng6+ 49. Kg4 Rh7 50. d4 Nf8 51. Rf1 cxd4 52. cxd4 Ne6 53. Re1
Kd7 54. Bxe6+ fxe6 55. Kh5 Rf7 56. Kg6 Ke7 57. h7 Rf8 58. Rh1 1-0

[Event "27. Torneo San Viator 2016"]
[Site "Madrid ESP"]
[Date "2016.10.16"]
[Round "5.8"]
[White "Del Noval Nemeshazi, Nesztor"]
[Black "Rodriguez Romero, Martin"]
[Result "0-1"]
[WhiteElo "1932"]
[BlackElo "1666"]
[PlyCount "138"]
[EventDate "2016.09.25"]
[EventType "swiss"]
[EventRounds "9"]
[EventCountry "ESP"]
[Source "lmi"]
[SourceDate "2016.09.25"]

1. e4 c5 2. Nf3 e6 3. d4 cxd4 4. Nxd4 Nc6 5. Nc3 Qc7 6. Be3 a6 7. Qd2 Nf6 8. f3
Be7 9. O-O-O O-O 10. g4 b5 11. Kb1 Rd8 12. g5 Nh5 13. Bh3 Nxd4 14. Qxd4 Nf4 15.
Bg4 Bxg5 16. e5 Qc4 17. Bxf4 Bxf4 18. Qb6 Rf8 19. Rd4 Be3 20. Rxc4 Bxb6 21. Re4
Bb7 22. Re2 Rac8 23. Rd1 Bc6 24. Ne4 Bxe4 25. Rxe4 Rfd8 26. Bh3 Bc5 27. b4 Bf8
28. Red4 Rc3 29. Bg2 Rdc8 30. R1d2 R8c4 31. Rxc4 bxc4 32. Rxd7 Bxb4 33. Rd8+
Bf8 34. Ra8 Re3 35. a4 Rxe5 36. Rxa6 g6 37. Ra8 Kg7 38. a5 Bb4 39. Rc8 Bxa5 40.
Rxc4 Re2 41. Ra4 Bc3 42. Ra3 Bf6 43. Bh3 Rxh2 44. f4 Rf2 45. Ra4 h5 46. Re4 Rf3
47. Bg2 Rg3 48. Bf1 Rg1 49. Re1 h4 50. Rc1 Rg4 51. c4 Rxf4 52. c5 Be5 53. Kc2
h3 54. Bxh3 Rc4+ 55. Kd1 Rxc1+ 56. Kxc1 f5 57. Kd2 g5 58. Kd3 Kf6 59. Bg2 Bc7
60. Kc4 g4 61. Kb5 f4 62. Bb7 f3 63. Kc6 Be5 64. Kd7 Bd4 65. c6 Bb6 66. c7 Bxc7
67. Kxc7 e5 68. Kd6 Kf5 69. Kc5 Kf4 0-1

[Event "27. Torneo San Viator 2016"]
[Site "Madrid ESP"]
[Date "2016.10.16"]
[Round "5.10"]
[White "Gil Sierra, Jacinto"]
[Black "Magan Gonzalez, Alberto"]
[Result "0-1"]
[WhiteElo "1976"]
[BlackElo "1829"]
[PlyCount "58"]
[EventDate "2016.09.25"]
[EventType "swiss"]
[EventRounds "9"]
[EventCountry "ESP"]
[Source "lmi"]
[SourceDate "2016.09.25"]

1. e4 c5 2. Nf3 d6 3. d4 cxd4 4. Nxd4 Nf6 5. Nc3 a6 6. h3 e5 7. Nde2 h5 8. Bg5
Be6 9. Qd2 Nbd7 10. O-O-O Rc8 11. f4 Qa5 12. a3 b5 13. Bxf6 Nxf6 14. Qe3 g6 15.
Kb1 b4 16. axb4 Qxb4 17. Nd5 Bxd5 18. exd5 Bh6 19. g3 O-O 20. g4 Rc5 21. Bg2
Rb8 22. b3 exf4 23. Qd4 Qa3 24. Qb2 Qxb2+ 25. Kxb2 hxg4 26. hxg4 Nxg4 27. Rdf1
Bg7+ 28. c3 Ne3 29. Rxf4 Nxg2 0-1

[Event "27. Torneo San Viator 2016"]
[Site "Madrid ESP"]
[Date "2016.10.16"]
[Round "5.11"]
[White "Garcia Sanjuan, Jose"]
[Black "Luna Hermoso, Angel"]
[Result "1-0"]
[WhiteElo "1880"]
[BlackElo "1976"]
[PlyCount "95"]
[EventDate "2016.09.25"]
[EventType "swiss"]
[EventRounds "9"]
[EventCountry "ESP"]
[Source "lmi"]
[SourceDate "2016.09.25"]

1. Nf3 g5 2. Nxg5 e5 3. d3 Be7 4. Nf3 Nc6 5. Nc3 d5 6. e4 Nf6 7. h3 dxe4 8.
Nxe4 Nxe4 9. dxe4 Qxd1+ 10. Kxd1 Rg8 11. g4 Be6 12. c3 O-O-O+ 13. Kc2 f6 14.
Be3 h5 15. gxh5 f5 16. Bb5 f4 17. Bd2 Rg2 18. Be1 Rh8 19. Bxc6 bxc6 20. Nxe5
Bd6 21. Nxc6 Rxh5 22. a4 a5 23. Rd1 Bd7 24. Na7+ Kd8 25. Nb5 Bc5 26. Nd4 Ke8
27. b3 Bb6 28. c4 Re5 29. Kd3 Rg6 30. Bc3 Rd6 31. Kc2 Rxe4 32. Rhe1 Rxe1 33.
Rxe1+ Kd8 34. Rd1 Ke7 35. h4 Kf7 36. f3 Rh6 37. Rh1 Rd6 38. Ne2 Bf5+ 39. Kb2
Rd3 40. Nxf4 Rxf3 41. Nd5 Rf2+ 42. Ka1 Bc5 43. Nxc7 Rf3 44. Nb5 Bd7 45. Rc1 Rh3
46. Rf1+ Ke7 47. Bf6+ Ke8 48. Nc7+ 1-0

[Event "27. Torneo San Viator 2016"]
[Site "Madrid ESP"]
[Date "2016.10.16"]
[Round "5.12"]
[White "Martinez Sanz, Ignacio"]
[Black "Gonzalez-Ruano Perez, Cesar"]
[Result "1-0"]
[WhiteElo "1705"]
[BlackElo "1937"]
[PlyCount "105"]
[EventDate "2016.09.25"]
[EventType "swiss"]
[EventRounds "9"]
[EventCountry "ESP"]
[Source "lmi"]
[SourceDate "2016.09.25"]

1. d4 f5 2. Bg5 h6 3. Bh4 g5 4. Bg3 Bg7 5. e3 d6 6. Bc4 e6 7. Ne2 Nf6 8. h4 Nc6
9. c3 Qe7 10. Nd2 Bd7 11. Qc2 O-O-O 12. O-O-O e5 13. Rde1 d5 14. dxe5 Nxe5 15.
Bxe5 Qxe5 16. Nf3 Qe7 17. Bd3 Ne4 18. Nfd4 Nxf2 19. Nxf5 Bxf5 20. Bxf5+ Kb8 21.
Rhf1 Qxe3+ 22. Kb1 Qb6 23. Ng3 Ne4 24. Nxe4 dxe4 25. Rxe4 Rhf8 26. Rb4 Qe3 27.
hxg5 hxg5 28. g4 Rfe8 29. a4 Bf8 30. Re4 Rxe4 31. Bxe4 Bd6 32. Rd1 Re8 33. Bf5
Qe2 34. Qb3 a6 35. Bd7 Rf8 36. Bc6 Qxd1+ 37. Qxd1 bxc6 38. Qd3 Kb7 39. Qg6 Bf4
40. b4 Rd8 41. Kc2 Rd5 42. Kb3 Rd6 43. Qe4 Ka7 44. c4 Kb7 45. b5 axb5 46. cxb5
Kb6 47. bxc6 Rxc6 48. a5+ Kb5 49. Qa4+ Kc5 50. a6 Rb6+ 51. Kc2 Rb4 52. Qa3 Kb5
53. a7 1-0

[Event "27. Torneo San Viator 2016"]
[Site "Madrid ESP"]
[Date "2016.10.16"]
[Round "5.13"]
[White "Padin Lazaro, Jose Manuel"]
[Black "Campos Tores, Jose Luis"]
[Result "1/2-1/2"]
[WhiteElo "1913"]
[BlackElo "1829"]
[PlyCount "60"]
[EventDate "2016.09.25"]
[EventType "swiss"]
[EventRounds "9"]
[EventCountry "ESP"]
[Source "lmi"]
[SourceDate "2016.09.25"]

1. e4 c5 2. Nf3 d6 3. d4 cxd4 4. Nxd4 Nf6 5. Nc3 g6 6. Be3 Bg7 7. f3 Nc6 8. Qd2
O-O 9. O-O-O Bd7 10. g4 Ne5 11. h4 h5 12. gxh5 Nxh5 13. Rg1 Rc8 14. Kb1 Rxc3
15. bxc3 Qa5 16. Nb3 Qc7 17. Be2 Rc8 18. Bd4 Nc4 19. Bxc4 Qxc4 20. Bxg7 Kxg7
21. Qd4+ f6 22. Qxc4 Rxc4 23. Kb2 Nf4 24. Rd2 Kf7 25. Nd4 Rc5 26. Ne2 Ne6 27.
Rd5 Bc6 28. Rxc5 dxc5 29. Ng3 Nf4 30. Rh1 Ne6 1/2-1/2

[Event "27. Torneo San Viator 2016"]
[Site "Madrid ESP"]
[Date "2016.10.16"]
[Round "5.14"]
[White "Sanchez Gomez, Emiliano"]
[Black "Rosa Ramirez, Victor D"]
[Result "0-1"]
[WhiteElo "1745"]
[BlackElo "1903"]
[PlyCount "42"]
[EventDate "2016.09.25"]
[EventType "swiss"]
[EventRounds "9"]
[EventCountry "ESP"]
[Source "lmi"]
[SourceDate "2016.09.25"]

1. e4 e6 2. d4 d5 3. e5 c5 4. c3 Qb6 5. Nf3 Nc6 6. Bd3 cxd4 7. cxd4 Bd7 8. O-O
Nxd4 9. Nxd4 Qxd4 10. Nc3 a6 11. Qe2 Ne7 12. Kh1 Nc6 13. f4 Bc5 14. Bd2 Nb4 15.
Bb1 Rc8 16. a3 Nc6 17. Bd3 Ba7 18. Rf3 Qb6 19. b4 Nd4 20. Qd1 Nxf3 21. Qxf3 Qf2
0-1

[Event "27. Torneo San Viator 2016"]
[Site "Madrid ESP"]
[Date "2016.10.16"]
[Round "5.15"]
[White "Blanco Diez, David"]
[Black "Zhou, Lulu"]
[Result "0-1"]
[WhiteElo "1845"]
[BlackElo "1746"]
[PlyCount "104"]
[EventDate "2016.09.25"]
[EventType "swiss"]
[EventRounds "9"]
[EventCountry "ESP"]
[Source "lmi"]
[SourceDate "2016.09.25"]

1. d4 d5 2. c4 e6 3. Nc3 Nf6 4. cxd5 exd5 5. Bg5 Nbd7 6. e3 c6 7. Qc2 h6 8. Bh4
Be7 9. Bd3 Nh5 10. Bxe7 Qxe7 11. Nge2 O-O 12. O-O Nb6 13. Rab1 f5 14. Ng3 Nxg3
15. hxg3 Nc4 16. Bxc4 dxc4 17. Ne2 Qf7 18. Rfc1 Be6 19. Nf4 Bd5 20. Nxd5 cxd5
21. b3 b5 22. bxc4 bxc4 23. Rb5 Rab8 24. Rcb1 Rxb5 25. Rxb5 Qd7 26. a4 Rc8 27.
Qc3 a6 28. Rb4 Qc7 29. Rb2 Rb8 30. Kf1 Kf7 31. Ke2 Ke6 32. Kd1 Rxb2 33. Qxb2
Qc6 34. Qb4 Qd6 35. Qxd6+ Kxd6 36. Kc2 g5 37. f3 h5 38. f4 h4 39. gxh4 gxh4 40.
Kc3 a5 41. Kd2 Ke6 42. Ke2 Kf6 43. Kd2 Kg6 44. Ke2 Kh5 45. Kd2 Kg4 46. Kc2 Kg3
47. e4 fxe4 48. f5 e3 49. f6 e2 50. f7 e1=Q 51. f8=Q Qf2+ 52. Qxf2+ Kxf2 0-1

[Event "27. Torneo San Viator 2016"]
[Site "Madrid ESP"]
[Date "2016.10.16"]
[Round "5.16"]
[White "Quintero Torres, Pedro"]
[Black "Soderstrom, Henrik"]
[Result "1-0"]
[WhiteElo "1958"]
[BlackElo "1802"]
[PlyCount "120"]
[EventDate "2016.09.25"]
[EventType "swiss"]
[EventRounds "9"]
[EventCountry "ESP"]
[Source "lmi"]
[SourceDate "2016.09.25"]

1. Nf3 c5 2. e4 d6 3. Bb5+ Nc6 4. h3 g6 5. c3 Bd7 6. d4 a6 7. Ba4 b5 8. Bb3 c4
9. Bc2 Bg7 10. Bg5 h6 11. Be3 Nf6 12. Nbd2 O-O 13. b3 Qa5 14. b4 Qa3 15. O-O
Qxc3 16. a3 a5 17. d5 Nxb4 18. axb4 Qxb4 19. Rb1 Qa3 20. Nd4 Rfb8 21. Qe2 a4
22. Rfc1 Ne8 23. N2f3 Kh7 24. g4 Be5 25. Nxe5 dxe5 26. Nf3 Qd6 27. Qd2 g5 28.
Qc3 f6 29. Nd2 Qc7 30. Qb4 Nd6 31. Nf1 h5 32. f3 Kg7 33. Ng3 hxg4 34. hxg4 Rh8
35. Kg2 Rh4 36. Rh1 Rah8 37. Nh5+ Kf7 38. Rxh4 gxh4 39. Rh1 Qc8 40. Rxh4 Rg8
41. Ng3 Rg7 42. Bc5 Qc7 43. Kf2 Kg8 44. Rh1 Nb7 45. Bxe7 Qb6+ 46. Kg2 Qe3 47.
Bxf6 Nc5 48. Bxg7 Kxg7 49. Re1 Qd4 50. Nf5+ Bxf5 51. exf5 Kf6 52. Re2 Qxd5 53.
Qxb5 Kg5 54. Qb1 Nd3 55. Bxd3 cxd3 56. Qc1+ Kf6 57. Qh6+ Ke7 58. Qg7+ Kd6 59.
Qf6+ Kd7 60. Qxe5 Qxe5 1-0

[Event "27. Torneo San Viator 2016"]
[Site "Madrid ESP"]
[Date "2016.10.16"]
[Round "5.17"]
[White "Barahona Torrijos, Angel"]
[Black "Comeron Galan, Daniel"]
[Result "1-0"]
[WhiteElo "1848"]
[BlackElo "1493"]
[PlyCount "79"]
[EventDate "2016.09.25"]
[EventType "swiss"]
[EventRounds "9"]
[EventCountry "ESP"]
[Source "lmi"]
[SourceDate "2016.09.25"]

1. e4 d6 2. d4 Nf6 3. f3 e5 4. Be3 Nbd7 5. d5 c6 6. Nc3 Be7 7. Bc4 Qc7 8. dxc6
bxc6 9. Nge2 O-O 10. Ng3 Nb6 11. Bb3 Re8 12. Qd2 Be6 13. Bxe6 fxe6 14. b3 d5
15. Bg5 Rad8 16. Qe2 d4 17. Nd1 c5 18. Nb2 c4 19. bxc4 Rc8 20. O-O Nxc4 21. Nd3
h6 22. Bxf6 Bxf6 23. Rfb1 Bg5 24. Rb3 Nd2 25. Rb5 Qxc2 26. Rd1 Rc3 27. Ne1 Qxa2
28. Rdb1 Qc4 29. Qxc4 Rxc4 30. Ra1 Be3+ 31. Kh1 Rec8 32. Ne2 Rd8 33. Nd3 Rc2
34. Rxa7 Nxe4 35. fxe4 Rxe2 36. Rbb7 Bg5 37. Rxg7+ Kf8 38. h4 Bxh4 39. Raf7+
Ke8 40. Nxe5 1-0

[Event "27. Torneo San Viator 2016"]
[Site "Madrid ESP"]
[Date "2016.10.16"]
[Round "5.18"]
[White "Camarero Izquierdo, Juan Carlo"]
[Black "Munoz Cebey, Ricardo"]
[Result "0-1"]
[WhiteElo "1816"]
[BlackElo "1758"]
[PlyCount "156"]
[EventDate "2016.09.25"]
[EventType "swiss"]
[EventRounds "9"]
[EventCountry "ESP"]
[Source "lmi"]
[SourceDate "2016.09.25"]

1. d4 d5 2. Nc3 c6 3. f3 Nf6 4. Bg5 Qb6 5. Rb1 Nbd7 6. e4 dxe4 7. fxe4 e5 8.
Bxf6 Nxf6 9. dxe5 Ng4 10. Qf3 Nxe5 11. Qg3 Ng6 12. Bd3 Bb4 13. Nge2 Be6 14. a3
Be7 15. h4 O-O-O 16. h5 Bd6 17. Qg5 Ne5 18. b4 Ng4 19. Rf1 f6 20. Qd2 Ne3 21.
Rf2 Nc4 22. Bxc4 Bxc4 23. Qc1 Rhe8 24. h6 Bxe2 25. Kxe2 Be5 26. Nd1 Bg3 27. Rf3
Rxe4+ 28. Ne3 Bf4 29. hxg7 Rg8 30. Rb3 Rxg7 31. Qh1 Qb5+ 32. Kf2 Qg5 33. Qh3+
Kb8 34. Nf5 Rg8 35. Rbd3 Rge8 36. Rd1 Re2+ 37. Kf1 Rxc2 38. Nd4 Rd2 39. Rxd2
Bxd2 40. Qh2+ Qe5 41. Qxe5+ fxe5 42. Nb3 Bg5 43. Nc5 b6 44. Ne4 Bd8 45. Rf7 Re7
46. Rf8 Kc7 47. Ke2 Rg7 48. Kf3 Be7 49. Rf5 Bd6 50. g4 a6 51. Rh5 c5 52. Rh6
Bf8 53. Rf6 Be7 54. Rf5 cxb4 55. axb4 Bxb4 56. Rxe5 Re7 57. Rh5 a5 58. g5 a4
59. Nf6 Rf7 60. Ke4 Kd6 61. Nxh7 Bc3 62. Rh6+ Kc5 63. g6 Re7+ 64. Kd3 Bg7 65.
Rh4 b5 66. Ng5 a3 67. Rh2 b4 68. Rc2+ Kb5 69. Rc8 a2 70. Rb8+ Kc6 71. Rc8+ Kb7
72. Rc1 a1=Q 73. Rxa1 Bxa1 74. Kc4 Bc3 75. Nf7 Kb6 76. Kd5 Ka5 77. Kd6 Re1 78.
Kd5 Rg1 0-1

[Event "27. Torneo San Viator 2016"]
[Site "Madrid ESP"]
[Date "2016.10.16"]
[Round "5.19"]
[White "Gil Calvente, Jose Antonio"]
[Black "Yeves Miquel, Enrique"]
[Result "0-1"]
[WhiteElo "1721"]
[BlackElo "1827"]
[PlyCount "98"]
[EventDate "2016.09.25"]
[EventType "swiss"]
[EventRounds "9"]
[EventCountry "ESP"]
[Source "lmi"]
[SourceDate "2016.09.25"]

1. d4 Nf6 2. Nf3 e6 3. e3 d5 4. Bd3 c5 5. b3 Nc6 6. O-O Bd6 7. Bb2 O-O 8. Nbd2
b6 9. Ne5 Bb7 10. f4 Rc8 11. a3 Ne7 12. Qe2 Ne4 13. dxc5 Bxc5 14. Nxe4 dxe4 15.
Bc4 Nf5 16. Rfd1 Bxe3+ 17. Kh1 Qh4 18. Qg4 Qxg4 19. Nxg4 Bxf4 20. Rd7 Rc7 21.
Rad1 Bc6 22. Rd8 Rc8 23. Rxf8+ Kxf8 24. Be2 f6 25. c4 h5 26. Nf2 Ne3 27. Rb1 h4
28. Bc3 Rd8 29. Kg1 Kf7 30. Nd1 Nc2 31. a4 Nd4 32. Bf1 Nxb3 33. Nb2 Be3+ 34.
Kh1 Bc5 35. h3 Nd4 36. a5 Nf5 37. axb6 axb6 38. Be1 Ng3+ 39. Bxg3 hxg3 40. Nd1
Rd2 41. Nc3 Bd4 42. Ne2 Bf2 43. Nf4 g5 44. Ne2 f5 45. Ra1 f4 46. Nc3 f3 47.
Ra7+ Kf6 48. Ra1 Bd4 49. Rc1 Bxc3 0-1

[Event "27. Torneo San Viator 2016"]
[Site "Madrid ESP"]
[Date "2016.10.16"]
[Round "5.20"]
[White "Campos Diaz, Fernando"]
[Black "Rodriguez Valero, Martin"]
[Result "0-1"]
[WhiteElo "1663"]
[BlackElo "1808"]
[PlyCount "98"]
[EventDate "2016.09.25"]
[EventType "swiss"]
[EventRounds "9"]
[EventCountry "ESP"]
[Source "lmi"]
[SourceDate "2016.09.25"]

1. d4 Nf6 2. Bf4 g6 3. Nf3 d6 4. e3 Nh5 5. Bg5 h6 6. Bh4 g5 7. Nfd2 Ng7 8. Bg3
Nf5 9. Bd3 Nxg3 10. hxg3 Bg7 11. Nc3 Nd7 12. f4 e6 13. Qf3 d5 14. O-O-O c5 15.
fxg5 Qxg5 16. Rdf1 f5 17. Qf4 Qxf4 18. Rxf4 c4 19. Be2 Nf6 20. g4 Bd7 21. gxf5
exf5 22. Bh5+ Nxh5 23. Rxh5 Be6 24. Nb5 Kd7 25. Nf3 a6 26. Nc3 Bf6 27. Nxd5
Bxd5 28. Rhxf5 Bxf3 29. gxf3 Bg5 30. Re4 Rae8 31. Rfe5 Rxe5 32. Rxe5 Re8 33.
Rxe8 Kxe8 34. Kd2 Kd7 35. f4 Be7 36. Ke2 Bf6 37. c3 b5 38. Kf3 h5 39. Kg3 a5
40. e4 b4 41. e5 Be7 42. f5 b3 43. axb3 cxb3 44. f6 Ba3 45. d5 Bxb2 46. e6+ Ke8
47. d6 Bxc3 48. f7+ Kf8 49. d7 Bf6 0-1

[Event "27. Torneo San Viator 2016"]
[Site "Madrid ESP"]
[Date "2016.10.16"]
[Round "5.21"]
[White "Braziunaite, Rasa"]
[Black "Escribano Serrano, Pedro"]
[Result "1-0"]
[WhiteElo "1384"]
[BlackElo "1787"]
[PlyCount "75"]
[EventDate "2016.09.25"]
[EventType "swiss"]
[EventRounds "9"]
[EventCountry "ESP"]
[Source "lmi"]
[SourceDate "2016.09.25"]

1. e4 c6 2. Nc3 d5 3. Nf3 dxe4 4. Nxe4 Nf6 5. Nxf6+ gxf6 6. d4 Bg4 7. c3 Nd7 8.
Bf4 Qb6 9. Rb1 O-O-O 10. Be2 Bg7 11. O-O e5 12. Be3 Qc7 13. a4 f5 14. Ng5 Bxe2
15. Qxe2 Nb6 16. Qh5 Rdf8 17. dxe5 Bxe5 18. Bxb6 axb6 19. Rbd1 Bf4 20. Nf3 Rd8
21. Qxf5+ Kb8 22. Rxd8+ Rxd8 23. Qxh7 Rd6 24. h3 c5 25. Re1 Qd7 26. Qe4 Bh6 27.
Qe8+ Kc7 28. Re7 Bf4 29. Rxd7+ Rxd7 30. g3 Bc1 31. b4 Bb2 32. Ne5 Rd1+ 33. Kg2
Bxc3 34. Qxf7+ Kb8 35. Nd7+ Ka7 36. b5 Re1 37. Qf8 Be5 38. Qd8 1-0

[Event "27. Torneo San Viator 2016"]
[Site "Madrid ESP"]
[Date "2016.10.16"]
[Round "5.22"]
[White "Jimenez Elices, Jose Maria"]
[Black "Perez Gonzalez, Daniel"]
[Result "1-0"]
[WhiteElo "1785"]
[BlackElo "1786"]
[PlyCount "83"]
[EventDate "2016.09.25"]
[EventType "swiss"]
[EventRounds "9"]
[EventCountry "ESP"]
[Source "lmi"]
[SourceDate "2016.09.25"]

1. e4 c5 2. Nf3 d6 3. d4 cxd4 4. Nxd4 Nf6 5. Nc3 a6 6. Bc4 e6 7. Bb3 Nbd7 8.
Be3 Nc5 9. f3 b5 10. O-O Bb7 11. Qd2 Be7 12. a4 Nxb3 13. Nxb3 b4 14. Ne2 a5 15.
Ned4 O-O 16. Rac1 Nd7 17. Nb5 d5 18. exd5 Bxd5 19. Qf2 Qc8 20. c4 Bc6 21. Rfd1
Qb7 22. Nc5 Nxc5 23. Bxc5 Bxc5 24. Qxc5 Bxb5 25. cxb5 Rac8 26. Qd4 h6 27. Rxc8
Rxc8 28. h3 Rc7 29. Kh1 g6 30. b6 Rc8 31. Qd7 Rb8 32. Qc7 Kg7 33. Rd8 Qxb6 34.
Qxb8 Qe3 35. Rg8+ Kf6 36. Qd8+ Kf5 37. Qxa5+ Kf6 38. Qc7 Kg5 39. Qg3+ Kf6 40.
Qh4+ g5 41. Qxh6+ Kf5 42. Qxg5+ 1-0

[Event "27. Torneo San Viator 2016"]
[Site "Madrid ESP"]
[Date "2016.10.23"]
[Round "6.1"]
[White "Bustos Bernardo, Samuel"]
[Black "Quispe Arteaga, Gabriel"]
[Result "0-1"]
[WhiteElo "1991"]
[BlackElo "2270"]
[PlyCount "84"]
[EventDate "2016.09.25"]
[EventType "swiss"]
[EventRounds "9"]
[EventCountry "ESP"]
[Source "lmi"]
[SourceDate "2016.09.25"]

1. Nf3 d5 2. d4 e6 3. c4 Be7 4. Nc3 Nf6 5. Bg5 h6 6. Bh4 O-O 7. e3 Nbd7 8. Rc1
dxc4 9. Bxc4 a6 10. a4 c6 11. O-O b5 12. Bd3 Bb7 13. Bxf6 Bxf6 14. Ne4 Be7 15.
Qc2 Nb6 16. Nc5 Bxc5 17. dxc5 Nd5 18. Rfd1 Qa5 19. Ra1 Qc7 20. Bh7+ Kh8 21. Be4
Nf6 22. Rd6 Rfd8 23. Rad1 Nd5 24. Bxd5 exd5 25. Ne5 f6 26. Ng6+ Kg8 27. Re6 Re8
28. Qf5 Qc8 29. Rxe8+ Qxe8 30. Nf4 Bc8 31. Qd3 bxa4 32. Ra1 Rb8 33. Qc2 Qe5 34.
Nd3 Bf5 35. Nxe5 Bxc2 36. Nxc6 Rxb2 37. Nd4 a3 38. Kf1 Bd3+ 39. Ke1 a2 40. Nb3
Rxb3 41. Rxa2 Bc4 42. Kd2 Rd3+ 0-1

[Event "27. Torneo San Viator 2016"]
[Site "Madrid ESP"]
[Date "2016.10.23"]
[Round "6.2"]
[White "Nunez Miranda, Adrian"]
[Black "Perez Calahorra, Ricardo"]
[Result "0-1"]
[WhiteElo "2143"]
[BlackElo "2136"]
[PlyCount "67"]
[EventDate "2016.09.25"]
[EventType "swiss"]
[EventRounds "9"]
[EventCountry "ESP"]
[Source "lmi"]
[SourceDate "2016.09.25"]

1. e4 e5 2. Nf3 Nc6 3. Be2 Nf6 4. d3 Be7 5. O-O O-O 6. Nbd2 d6 7. c3 Bg4 8. b4
a6 9. Bb2 Bxf3 10. Bxf3 Nd7 11. Qb3 Bf6 12. Nc4 g6 13. Rad1 Bg7 14. d4 h5 15.
a4 Qe7 16. Ne3 Rfc8 17. Nd5 Qe6 18. Be2 exd4 19. cxd4 Qxe4 20. Bd3 Qh4 21. g3
Qd8 22. Rfe1 Kf8 23. Bxg6 fxg6 24. Nf4 Qf6 25. Re6 Qf7 26. Rde1 Bf6 27. Nd5
Bxd4 28. Nf4 Nde5 29. Re4 Bxb2 30. Qxb2 Kg8 31. b5 Nf3+ 32. Kg2 Nce5 33. Qc2
axb5 34. Re3 0-1

[Event "27. Torneo San Viator 2016"]
[Site "Madrid ESP"]
[Date "2016.10.23"]
[Round "6.3"]
[White "Rodriguez Romero, Martin"]
[Black "Unciti Juan, Javier"]
[Result "0-1"]
[WhiteElo "1666"]
[BlackElo "2110"]
[PlyCount "74"]
[EventDate "2016.09.25"]
[EventType "swiss"]
[EventRounds "9"]
[EventCountry "ESP"]
[Source "lmi"]
[SourceDate "2016.09.25"]

1. e4 e6 2. d4 d5 3. Nc3 Bb4 4. e5 Ne7 5. a3 Bxc3+ 6. bxc3 c5 7. h4 Nbc6 8. h5
h6 9. Qg4 Qa5 10. Bd2 Qa4 11. Qxg7 Rg8 12. Qh7 Bd7 13. Nf3 cxd4 14. Rh4 O-O-O
15. Nxd4 Nxd4 16. Rxd4 Qa5 17. c4 Qc7 18. cxd5 exd5 19. f4 Nf5 20. Rd3 Rg7 21.
Qxf5 Bxf5 22. Rc3 Qxc3 23. Bxc3 d4 24. Bd2 Rd7 25. c3 dxc3 26. Bxc3 Rg3 27. Bd2
Kd8 28. Kf2 Rb3 29. Bb4 Rd4 30. g3 b6 31. Ba6 Bc8 32. Bxc8 Kxc8 33. Rc1+ Kd7
34. f5 a5 35. Bd6 Rd2+ 36. Ke1 Rh2 37. g4 Rbb2 0-1

[Event "27. Torneo San Viator 2016"]
[Site "Madrid ESP"]
[Date "2016.10.23"]
[Round "6.4"]
[White "Lopez Nunez, Roberto"]
[Black "Afana, Adham Jj"]
[Result "1-0"]
[WhiteElo "1775"]
[BlackElo "2095"]
[PlyCount "57"]
[EventDate "2016.09.25"]
[EventType "swiss"]
[EventRounds "9"]
[EventCountry "ESP"]
[Source "lmi"]
[SourceDate "2016.09.25"]

1. e4 g6 2. d4 Bg7 3. c4 c5 4. Nf3 d6 5. Nc3 Bg4 6. dxc5 Bxf3 7. Qxf3 dxc5 8.
Bd2 Nc6 9. O-O-O Nd4 10. Qg3 Nf6 11. h4 a6 12. h5 b5 13. hxg6 fxg6 14. e5 b4
15. exf6 bxc3 16. fxg7 cxd2+ 17. Rxd2 Rg8 18. Rxh7 Qd6 19. Qg5 Kf7 20. Bd3 Rad8
21. Qd5+ e6 22. Qg5 e5 23. Be4 Qe6 24. b3 Rd7 25. Bd5 Rxd5 26. cxd5 Qxd5 27.
Rh8 c4 28. Rxg8 Kxg8 29. Qh6 1-0

[Event "27. Torneo San Viator 2016"]
[Site "Madrid ESP"]
[Date "2016.10.23"]
[Round "6.5"]
[White "Morera Rodriguez, Ignacio"]
[Black "Rodriguez Bittar, Karim Javier"]
[Result "1/2-1/2"]
[WhiteElo "1942"]
[BlackElo "1936"]
[PlyCount "84"]
[EventDate "2016.09.25"]
[EventType "swiss"]
[EventRounds "9"]
[EventCountry "ESP"]
[Source "lmi"]
[SourceDate "2016.09.25"]

1. d4 d5 2. Nf3 Nf6 3. g3 e6 4. Bg2 c5 5. e3 Be7 6. O-O Nbd7 7. b3 cxd4 8. exd4
b6 9. c4 Bb7 10. Ne5 O-O 11. Bb2 Qc7 12. Nc3 Nxe5 13. dxe5 Ne4 14. Nxe4 dxe4
15. Qe2 Qc6 16. Rae1 Rfd8 17. Bxe4 Qxe4 18. Qxe4 Bxe4 19. Rxe4 Rd2 20. Rb1 Bc5
21. Rf4 Rad8 22. Kg2 Rc2 23. Ba1 Rxa2 24. b4 Bxb4 25. Rxb4 Rxa1 26. c5 bxc5 27.
Rb7 Rf8 28. Rc7 Ra5 29. Rc4 h6 30. h4 a6 31. Ra7 h5 32. Rc7 Rb5 33. R4xc5 Rxc5
34. Rxc5 Ra8 35. Ra5 Kf8 36. Kf3 Ke7 37. Kf4 f6 38. exf6+ Kxf6 39. Ke4 g6 40.
Kf4 Ra7 41. Ke4 e5 42. f3 Ra8 1/2-1/2

[Event "27. Torneo San Viator 2016"]
[Site "Madrid ESP"]
[Date "2016.10.23"]
[Round "6.6"]
[White "Aguilera Lopez, Alejandro"]
[Black "Sotoca Aguado, Jose"]
[Result "1-0"]
[WhiteElo "2113"]
[BlackElo "1900"]
[PlyCount "51"]
[EventDate "2016.09.25"]
[EventType "swiss"]
[EventRounds "9"]
[EventCountry "ESP"]
[Source "lmi"]
[SourceDate "2016.09.25"]

1. d4 Nf6 2. Nf3 d5 3. e3 e6 4. Bd3 c5 5. b3 Nc6 6. O-O Be7 7. Bb2 b6 8. Nbd2
Nb4 9. Be2 Bb7 10. Ne5 O-O 11. a3 Nc6 12. f4 cxd4 13. exd4 Rc8 14. Bd3 Bd6 15.
Qe2 Qe7 16. Rf3 g6 17. Rh3 Kg7 18. g4 Ng8 19. Qf2 f5 20. gxf5 exf5 21. Ndf3 Nd8
22. Re1 Ne6 23. Nxg6 Qf6 24. Nxf8 Rxf8 25. Rxe6 Qxe6 26. Rxh7+ 1-0